Autos françaises anciennes à reconnaitre 2 - Statistiques

Statistiques générales
  • Ce quiz a été pris 8 fois
  • Le résultat moyen est 11 sur 16
Statistiques - réponses
Par images Réponse % Correct
Peugeot 504
100%
Peugeot 304
86%
Renault 8
86%
Simca 1100
86%
Citroen ami 8
71%
Citroen gs
71%
Citroen sm
71%
Peugeot 404
71%
Renault 10
71%
Renault 12
71%
Renault 16
71%
Renault 17
71%
Renault 6
71%
Simca 1300
29%
Matra Bagheera
14%
Panhard 24
14%
Aucun quiz correspondant
Distribution des résultats
% des personnes avec chaque résultat
Percentile par nombre de réponses
Votre historique - résultats
Vous n’avez pas pris ce quiz